| 000 | 00487nam a2200169Ia 4500 | ||
|---|---|---|---|
| 003 | OSt | ||
| 005 | 20200123104253.0 | ||
| 008 | 190216s9999||||xx |||||||||||||| ||und|| | ||
| 040 | _coclc | ||
| 082 |
_a338.7 _bCHE/B |
||
| 100 |
_aCherunilam, Francis _9546 |
||
| 245 | 0 |
_aBusiness Enviornment / _cFrancis Cherunilam |
|
| 250 | _a11th ed. | ||
| 260 |
_bHimalaya Publishing House, _c2000. _aMummbai: |
||
| 300 | _a654p | ||
| 942 |
_cBK _2ddc _h338.7 _iCHE/B _k338.7 _mCHE/B |
||
| 999 |
_c5908 _d5908 |
||